Повышение уровня безопасности объектов ЯТЦ путем имплементации принципа синергии 3S*; VI Школа-конференция молодых атомщиков Сибири

書誌詳細
Parent link:VI Школа-конференция молодых атомщиков Сибири.— 2015.— [С. 64]
第一著者: Пушенко П. А.
共著者: Национальный исследовательский Томский политехнический университет (ТПУ) Физико-технический институт (ФТИ) Кафедра физико-энергетических установок (№ 21) (ФЭУ), Национальный исследовательский Томский политехнический университет (ТПУ) Институт неразрушающего контроля (ИНК) Международная научно-образовательная лаборатория неразрушающего контроля (МНОЛ НК)
その他の著者: Седнев Д. А. Дмитрий Андреевич
要約:Заглавие с титульного экрана
言語:ロシア語
出版事項: 2015
シリーズ:Актуальные вопросы ядерного нераспространения, безопасность и экология ядерной отрасли
主題:
オンライン・アクセス:http://earchive.tpu.ru/handle/11683/22326
http://www.lib.tpu.ru/fulltext/c/2015/C63/047.pdf
フォーマット: MixedMaterials 電子媒体 図書の章
KOHA link:https://koha.lib.tpu.ru/cgi-bin/koha/opac-detail.pl?biblionumber=615681

MARC

LEADER 00000naa2a2200000 4500
001 615681
005 20231101132854.0
035 |a (RuTPU)RU\TPU\conf\13880 
035 |a RU\TPU\conf\13878 
090 |a 615681 
100 |a 20151113d2015 k y0rusy50 ca 
101 0 |a rus 
102 |a RU 
105 |a y z 101zy 
135 |a drcn ---uucaa 
181 0 |a i  
182 0 |a b 
200 1 |a Повышение уровня безопасности объектов ЯТЦ путем имплементации принципа синергии 3S*  |f П. А. Пушенко, Д. А. Седнев 
203 |a Текст  |c электронный 
225 1 |a Актуальные вопросы ядерного нераспространения, безопасность и экология ядерной отрасли 
230 |a 1 компьютерный файл (pdf; 187 Кb) 
300 |a Заглавие с титульного экрана 
320 |a [Библиогр.: с. 64 (1 назв.)] 
337 |a Adobe Reader 
463 0 |0 (RuTPU)RU\TPU\conf\13155  |t VI Школа-конференция молодых атомщиков Сибири  |o сборник тезисов докладов, 14-16 октября 2015 г., г. Томск  |f Росатом ; Томская область, Администрация ; Сибирский химический комбинат (СХК) ; Национальный исследовательский Томский политехнический университет (ТПУ) ; Национальный исследовательский ядерный университет "МИФИ", Северский технологический институт (СТИ)  |v [С. 64]  |d 2015 
610 1 |a труды учёных ТПУ 
610 1 |a электронный ресурс 
610 1 |a безопасность труда 
610 1 |a ЯТЦ 
610 1 |a синергия 
610 1 |a ядерная энергетика 
700 1 |a Пушенко  |b П. А. 
701 1 |a Седнев  |b Д. А.  |c специалист в области неразрушающего контроля  |c ассистент Томского политехнического университета, младший научный сотрудни  |f 1989-  |g Дмитрий Андреевич  |2 stltpush  |3 (RuTPU)RU\TPU\pers\28045 
712 0 2 |a Национальный исследовательский Томский политехнический университет (ТПУ)  |b Физико-технический институт (ФТИ)  |b Кафедра физико-энергетических установок (№ 21) (ФЭУ)  |h 48  |2 stltpush  |3 (RuTPU)RU\TPU\col\18730 
712 0 2 |a Национальный исследовательский Томский политехнический университет (ТПУ)  |b Институт неразрушающего контроля (ИНК)  |b Международная научно-образовательная лаборатория неразрушающего контроля (МНОЛ НК)  |h 6776  |2 stltpush  |3 (RuTPU)RU\TPU\col\19961 
801 2 |a RU  |b 63413507  |c 20210215  |g RCR 
856 4 |u http://earchive.tpu.ru/handle/11683/22326 
856 4 |u http://www.lib.tpu.ru/fulltext/c/2015/C63/047.pdf 
942 |c BK